Statystyki dla Skały, kamienie szlachetne i minerały

Kliknij tutaj aby rozwiązać quiz!

Ogólne statystyki

  • Ten quiz został rozwiązany 3 452 razy
  • Średni wynik to 7 z 16

Statystyki odpowiedzi

Odpowiedź% Poprawnych
Rubin
92%
Złoto
89%
Bursztyn
85%
Szmaragd
85%
Szafir
62%
Ametyst
61%
Opal
42%
Lapis Lazuli
37%
Miedź
33%
Żad
28%
Obsydian
25%
Tygrysie Oko
23%
Piryt
20%
Bizmut
17%
Turkus
15%
Andradyt
8%

Rozkład punktacji

Percentyl według liczby udzielonych odpowiedzi

Procent ludzi z każdym wynikiem

Twoja historia wyników

Nie rozwiązałeś tego quizu